000 01269nam a2200397 i 4500
001 710
003 KOSZ 005
005 20221024153516.0
008 020718s1978 pl a f f |001 0 pol
015 _aPB 1978/6471
040 _aWA N
_cWA N
_dKOSZ 005/HR
046 _k1978
080 _a669.017
080 _a621.78
080 _a(075.8)
100 1 _aWesołowski, Kornel
_d(1903-1976)
_eAutor
245 1 0 _aMetaloznawstwo i obróbka cieplna /
_cKornel Wesołowski.
250 _aWyd. 3 popr.
260 _aWarszawa :
_bWydawnictwa Naukowo-Techniczne,
_c1978.
300 _a511, [1] s. :
_bil. 1 portr. tab. wykr. ;
_c25 cm.
336 _2rdacontent
_aTekst
_btxt
337 _2rdamedia
_aBez urządzenia pośredniczącego
_bn
338 _2rdacarrier
_aWolumin
_bnc
380 _aKsiążki
388 _a1901-2000
388 _a1945-1989
504 _aBibliogr. Indeks.
650 4 _aMetale
650 4 _aMetaloznawstwo
650 4 _aObróbka cieplna
655 4 _aPodręczniki akademickie
658 _aInżynieria i technika
710 2 _aWydawnictwa Naukowo-Techniczne
_4pbl.
856 _uhttp://koha.tu.koszalin.pl/cgi-bin/koha/opac-detail.pl?biblionumber=710
_yKatalog online BPK
942 _2UKD
_cKS
999 _c710
_d710